000
00340nam a2200145Ia 4500
008
231217s9999 xx 000 0 und d
041
_a
English
082
_a
158 DKB.11 `R'
100
_a
Heller, Robert
245
0
_a
Managing teams
260
_c
1998
_b
Dorling kindersley
300
_a
72
650
_a
Team management
942
_c
AA
999
_c
166814
_d
166814